| 000 | 00453nam a2200181Ia 4500 | ||
|---|---|---|---|
| 001 | 17972 | ||
| 005 | 20260306171556.0 | ||
| 008 | 260306s9999||||xx |||||||||||||| ||und|| | ||
| 041 | _aESP | ||
| 082 |
_a658.3 _bR76 2007 |
||
| 100 |
_aRodríguez Valencia, Joaquín _eAUT |
||
| 245 | 0 | _aAdministración moderna de personal | |
| 260 | _c2007 | ||
| 300 |
_aviii, 693 páginas : _c24 cm. |
||
| 650 | _aGEN | ||
| 654 | _aCAN | ||
| 942 |
_cLIB _dJUS _fJUS _2ddc _n |
||
| 999 |
_c17972 _d17972 |
||